Statistics for Famous Texans by Picture

Click here to take the quiz!

General Stats

  • This quiz has been taken 43 times
  • The average score is 11 of 20

Answer Stats

Answer% Correct
George W. Bush
97%
Beyoncé Knowles
92%
Willie Nelson
89%
Lyndon B. Johnson
78%
Selena Gomez
78%
Patrick Swayze
76%
Jamie Foxx
70%
Woody Harrelson
65%
Lance Armstrong
59%
Kelly Clarkson
59%
Matthew McConaughey
59%
Lee Harvey Oswald
59%
Tommy Lee Jones
54%
Ted Cruz
51%
Renée Zellweger
51%
Robin Wright
35%
Howard Hughes
22%
George Foreman
19%
Stephen F. Austin
19%
Wes Anderson
11%

Score Distribution

Percentile by Number Answered

Percent of People with Each Score

Your Score History

You have not taken this quiz